000 00710nam a2200217 i 4500
001 176878
003 ES-MaACL
005 20251221205921.0
008 110216s1967 sp ao |||| | spa d
080 _a75:069(753) National Gallery
245 0 0 _aGalería Nacional de Washington /
_cpresentación de John Walker.
260 _aMadrid :
_bCodex,
_c[1967]
300 _a83 p. :
_bil. col. y n. ;
_c32 cm.
490 1 _aEl mundo de los museos
500 _aÍndices.
610 2 4 _aNational Gallery of Art (Estados Unidos)
_95971
700 1 _aWalker, John,
_d1906-
_9115931
830 0 _aEl mundo de los museos
_9190282
852 _aES-MaACL
_jE-14322
_xOlim P-1361
999 _c176878
_d176878